[Event "Wch-U14"]
[Site "Maribor SLO"]
[Date "2012.11.12"]
[Round "6.11"]
[White "Paravyan, David"]
[Black "Preotu, Razvan"]
[Result "1-0"]
[WhiteElo "2285"]
[BlackElo "2086"]
[WhiteFideId "-1"]
[WhiteFideId "-1"]
[PlyCount "65"]
[GameId "2130307689599513"]
[EventDate "2012.11.08"]
[EventType "swiss"]
[EventRounds "11"]
[EventCountry "SLO"]
[SourceTitle "Youth Database"]
[Source "Cbase R.Goldau"]
[SourceDate "2000.03.01"]
[SourceVersion "1"]
[SourceVersionDate "2012.11.21"]
[SourceQuality "1"]

1. e4 c5 2. Nf3 Nc6 3. d4 cxd4 4. Nxd4 g6 5. Nc3 Bg7 6. Be3 Nf6 7. Bc4 O-O 8. Bb3 a5 9. O-O a4 10. Nxa4 Nxe4 11. Nb5 d5 12. Bb6 Qd7 13. Qe2 e6 14. Rad1 Ne7 15. c4 Nf6 16. Bc5 Re8 17. Nb6 Qc6 18. Nxa8 Qxc5 19. Nac7 Rd8 20. cxd5 Nexd5 21. Nxd5 exd5 22. Rc1 Qb6 23. Nc7 Bf5 24. Qe7 Rd7 25. Qe5 Rd8 26. Qe7 Rd7 27. Nxd5 Rxd5 28. Rc7 Qe6 29. Bxd5 Qxd5 30. Rxb7 h5 31. a4 Be4 32. Rb5 Qd2 33. Qb4 1-0

[Event "Wch-U14"]
[Site "Maribor SLO"]
[Date "2012.11.14"]
[Round "7.15"]
[White "Kozionov, Kirill"]
[Black "Preotu, Razvan"]
[Result "1-0"]
[WhiteElo "2263"]
[BlackElo "2086"]
[WhiteFideId "-1"]
[WhiteFideId "-1"]
[PlyCount "113"]
[GameId "2130307689603687"]
[EventDate "2012.11.08"]
[EventType "swiss"]
[EventRounds "11"]
[EventCountry "SLO"]
[SourceTitle "Youth Database"]
[Source "Cbase R.Goldau"]
[SourceDate "2000.03.01"]
[SourceVersion "1"]
[SourceVersionDate "2012.11.21"]
[SourceQuality "1"]

1. d4 Nf6 2. c4 g6 3. Nc3 Bg7 4. e4 d6 5. h3 O-O 6. Be3 e5 7. d5 a5 8. g4 Na6 9. Nge2 Nc5 10. Ng3 c6 11. Be2 Bd7 12. h4 cxd5 13. cxd5 Qb6 14. Rb1 Rfc8 15. g5 Ne8 16. h5 Qb4 17. Kf1 a4 18. a3 Qb3 19. Kg2 Qxd1 20. Rhxd1 Nb3 21. hxg6 hxg6 22. f3 Nc7 23. Nf1 Nd4 24. Bd3 Na6 25. Nd2 Nc5 26. Bf1 Ncb3 27. Nc4 Ra6 28. Nd2 Nxd2 29. Rxd2 Raa8 30. Na2 Nb3 31. Rf2 f5 32. gxf6 Bxf6 33. Kg3 Kg7 34. Bh3 Bxh3 35. Kxh3 Rh8+ 36. Kg2 Rh4 37. Rh1 Rxh1 38. Kxh1 Rc8 39. Nc3 Bh4 40. Rh2 Bg3 41. Rg2 Bf4 42. Bxf4 exf4 43. Nb5 Rc1+ 44. Kh2 Kf6 45. Nxd6 Nd4 46. Rf2 b6 47. Kg2 Ke7 48. e5 Rc5 49. Rd2 Rxd5 50. Nc8+ Ke6 51. Nxb6 Rb5 52. Nxa4 Kxe5 53. b4 g5 54. Nc5 Nf5 55. a4 Ne3+ 56. Kf2 Rxb4 57. Nd3+ 1-0

[Event "Wch-U14"]
[Site "Maribor SLO"]
[Date "2012.11.15"]
[Round "8.29"]
[White "Preotu, Razvan"]
[Black "Urazayev, Arystanbek"]
[Result "1-0"]
[WhiteElo "2086"]
[BlackElo "1918"]
[WhiteFideId "-1"]
[WhiteFideId "-1"]
[PlyCount "53"]
[GameId "2130307689603775"]
[EventDate "2012.11.08"]
[EventType "swiss"]
[EventRounds "11"]
[EventCountry "SLO"]
[SourceTitle "Youth Database"]
[Source "Cbase R.Goldau"]
[SourceDate "2000.03.01"]
[SourceVersion "1"]
[SourceVersionDate "2012.11.21"]
[SourceQuality "1"]

1. e4 e5 2. Nf3 Nc6 3. d4 exd4 4. Nxd4 Nf6 5. Nxc6 bxc6 6. e5 Nd5 7. c4 Nb6 8. Bd3 Bb4+ 9. Nd2 O-O 10. O-O Ba6 11. Ne4 Bxc4 12. Bxc4 Nxc4 13. Qb3 Nxe5 14. Qxb4 Qh4 15. Bg5 Qh5 16. Bf4 Rfe8 17. Bxe5 Qxe5 18. Ng3 Rab8 19. Qd2 Qd5 20. Qc2 Qb5 21. b3 Re6 22. Rad1 d6 23. Rc1 c5 24. Qc3 Rbe8 25. Nf5 Re5 26. Nxg7 R8e7 27. f4 1-0

[Event "Wch-U14"]
[Site "Maribor SLO"]
[Date "2012.11.16"]
[Round "9.18"]
[White "Gu, Christopher"]
[Black "Preotu, Razvan"]
[Result "1-0"]
[WhiteElo "2283"]
[BlackElo "2086"]
[WhiteFideId "-1"]
[WhiteFideId "-1"]
[PlyCount "111"]
[GameId "2130307689607937"]
[EventDate "2012.11.08"]
[EventType "swiss"]
[EventRounds "11"]
[EventCountry "SLO"]
[SourceTitle "Youth Database"]
[Source "Cbase R.Goldau"]
[SourceDate "2000.03.01"]
[SourceVersion "1"]
[SourceVersionDate "2012.11.21"]
[SourceQuality "1"]

1. d4 Nf6 2. c4 g6 3. Nc3 Bg7 4. e4 d6 5. Be2 O-O 6. Nf3 e5 7. O-O Nc6 8. d5 Ne7 9. Ne1 Nd7 10. Nd3 f5 11. Bd2 Nf6 12. f3 f4 13. c5 g5 14. cxd6 cxd6 15. Nf2 h5 16. h3 Rf7 17. Qc2 Ng6 18. Rfc1 Bf8 19. Nb5 Ne8 20. a4 Rg7 21. a5 Nh8 22. Ra3 Nf7 23. Rc3 Bd7 24. Nc7 Nxc7 25. Rxc7 Nh6 26. Rxb7 g4 27. hxg4 Qh4 28. Qd1 Re8 29. Rcc7 Ree7 30. Be1 hxg4 31. fxg4 Qg5 32. Rxa7 f3 33. gxf3 Ba4 34. Rxe7 Rxe7 35. Qxa4 Rxa7 36. Qc4 Nf7 37. Kg2 Qh6 38. Nh3 Ng5 39. Nxg5 Qxg5 40. a6 Rh7 41. Bf1 Qh6 42. Kf2 Qh2+ 43. Bg2 Rf7 44. Kf1 Bh6 45. Bf2 Qf4 46. a7 Rf8 47. Qc6 Qd2 48. a8=Q Qd1+ 49. Be1 Bd2 50. Qxf8+ Kxf8 51. Qxd6+ Kf7 52. Qc7+ Kg8 53. Qb8+ Kh7 54. Qa7+ Kg6 55. Qa6+ Kg5 56. Qe2 1-0

[Event "Wch-U14"]
[Site "Maribor SLO"]
[Date "2012.11.17"]
[Round "10.30"]
[White "Preotu, Razvan"]
[Black "Khalilov, Sakhavat"]
[Result "1-0"]
[WhiteElo "2086"]
[BlackElo "1954"]
[WhiteFideId "-1"]
[WhiteFideId "-1"]
[PlyCount "70"]
[GameId "2130307689612118"]
[EventDate "2012.11.08"]
[EventType "swiss"]
[EventRounds "11"]
[EventCountry "SLO"]
[SourceTitle "Youth Database"]
[Source "Cbase R.Goldau"]
[SourceDate "2000.03.01"]
[SourceVersion "1"]
[SourceVersionDate "2012.11.21"]
[SourceQuality "1"]

1. e4 c5 2. Nf3 Nc6 3. d4 cxd4 4. Nxd4 g6 5. c4 Nf6 6. Nc3 Nxd4 7. Qxd4 d6 8. Be3 Bg7 9. f3 O-O 10. Qd2 Bd7 11. Be2 Bc6 12. b4 b6 13. O-O Rc8 14. Rab1 Bb7 15. Rfc1 Ba6 16. Nd5 Qd7 17. Nxf6+ Bxf6 18. b5 Bb7 19. a4 Rfd8 20. a5 Qc7 21. axb6 axb6 22. Bf1 Ra8 23. Qf2 Qd7 24. Bxb6 Rdc8 25. Bd4 Bxd4 26. Qxd4 Ra4 27. Qd1 Ra2 28. c5 Qd8 29. c6 Qb6+ 30. Kh1 Ba8 31. Ra1 Rxa1 32. Rxa1 Bxc6 33. Ra6 Qc5 34. bxc6 Rxc6 35. Rxc6 Qxc6 1-0

[Event "Wch-U14"]
[Site "Maribor SLO"]
[Date "2012.11.18"]
[Round "11.26"]
[White "Munkhbayar, Gijir"]
[Black "Preotu, Razvan"]
[Result "0-1"]
[WhiteElo "1866"]
[BlackElo "2086"]
[WhiteFideId "-1"]
[WhiteFideId "-1"]
[PlyCount "74"]
[GameId "2130307689620378"]
[EventDate "2012.11.08"]
[EventType "swiss"]
[EventRounds "11"]
[EventCountry "SLO"]
[SourceTitle "Youth Database"]
[Source "Cbase R.Goldau"]
[SourceDate "2000.03.01"]
[SourceVersion "1"]
[SourceVersionDate "2012.11.21"]
[SourceQuality "1"]

1. e4 c5 2. Nf3 Nc6 3. Nc3 g6 4. d4 cxd4 5. Nxd4 Bg7 6. Be3 Nf6 7. Nb3 O-O 8. f3 d5 9. exd5 Nb4 10. Bc4 Qc7 11. Qe2 Nxc2+ 12. Qxc2 Qxc4 13. Qe2 b5 14. Qxc4 bxc4 15. Na5 Rb8 16. O-O-O Bf5 17. Bc5 Bh6+ 18. Rd2 Bxd2+ 19. Kxd2 Rxb2+ 20. Ke3 Rc2 21. Kd4 Rd2+ 22. Kxc4 Nxd5 23. Nxd5 Be6 24. Nc6 Bxd5+ 25. Kc3 Bxc6 26. Kxd2 Rd8+ 27. Ke2 Bb5+ 28. Kf2 Rd2+ 29. Kg3 e5 30. Bxa7 Rxa2 31. Be3 Kg7 32. Re1 f5 33. f4 g5 34. Kh3 exf4 35. Bd4+ Kg6 36. Re7 Ra3+ 37. g3 Bf1# 0-1

[Event "Wch U12"]
[Site "Caldas Novas BRA"]
[Date "2011.11.20"]
[Round "3.1"]
[White "Preotu, Razvan"]
[Black "Gledura, Benjamin"]
[Result "1/2-1/2"]
[WhiteElo "1979"]
[BlackElo "2230"]
[WhiteFideId "-1"]
[WhiteFideId "-1"]
[PlyCount "102"]
[GameId "2130307702647634"]
[EventDate "2011.11.18"]
[EventType "swiss"]
[EventRounds "9"]
[EventCountry "BRA"]

1. e4 c6 2. d4 d5 3. Nc3 dxe4 4. Nxe4 Bf5 5. Ng3 Bg6 6. Nf3 Nd7 7. h4 h6 8. h5 Bh7 9. Bd3 Bxd3 10. Qxd3 e6 11. Bd2 Ngf6 12. O-O-O Be7 13. Ne4 O-O 14. Kb1 c5 15. dxc5 Nxc5 16. Nxf6+ Bxf6 17. Qc4 Qb6 18. Qb4 Qc6 19. Qg4 Kh8 20. Be3 Rac8 21. Nd4 Qa4 22. Qe2 Rfd8 23. Nb3 Nxb3 24. axb3 Qe4 25. Rxd8+ Rxd8 26. Rd1 Rc8 27. g3 a5 28. Qd3 Qc6 29. Qc4 Qxc4 30. bxc4 Rxc4 31. Rd7 Rb4 32. b3 Kg8 33. Ka2 Rb5 34. g4 Rd5 35. Rxd5 exd5 36. Bb6 Kf8 37. Bxa5 Ke7 38. Ka3 Kd6 39. Kb4 Kc6 40. Ka4 b5+ 41. Ka3 Bd4 42. f3 Bc5+ 43. Kb2 Kd6 44. Kc3 f5 45. Kd3 fxg4 46. fxg4 Ke5 47. Bc3+ d4 48. Bd2 Be7 49. c3 dxc3 50. Bxc3+ Kf4 51. Bxg7 Bg5 1/2-1/2

[Event "Wch U12"]
[Site "Caldas Novas BRA"]
[Date "2011.11.20"]
[Round "4.1"]
[White "Xiong, Jeffery"]
[Black "Preotu, Razvan"]
[Result "1/2-1/2"]
[WhiteElo "2056"]
[BlackElo "1979"]
[WhiteFideId "-1"]
[WhiteFideId "-1"]
[PlyCount "110"]
[GameId "2130307702651792"]
[EventDate "2011.11.18"]
[EventType "swiss"]
[EventRounds "9"]
[EventCountry "BRA"]

1. e4 c5 2. Nf3 Nc6 3. Bb5 g6 4. c3 Bg7 5. O-O Nf6 6. e5 Nd5 7. d4 cxd4 8. cxd4 O-O 9. Nc3 Nxc3 10. bxc3 d6 11. exd6 Qxd6 12. Re1 e6 13. Qa4 Rd8 14. Bg5 Re8 15. Ne5 Bd7 16. Nxd7 Qxd7 17. Rab1 Rec8 18. Bf1 Qc7 19. g3 a6 20. Bf4 Qa5 21. Qxa5 Nxa5 22. a4 Rc6 23. Bg2 Rc4 24. Bxb7 Nxb7 25. Rxb7 Rxa4 26. Rc7 Ra5 27. Rb1 e5 28. Ra7 Rc8 29. Be3 exd4 30. cxd4 Rd5 31. Rc7 Rdd8 32. Rxc8 Rxc8 33. d5 Bf8 34. Bf4 f5 35. Rb6 Rd8 36. d6 a5 37. Ra6 a4 38. Kg2 a3 39. h4 Kf7 40. Ra7+ Ke6 41. Rxa3 Bxd6 42. Ra6 Kd5 43. Kf3 Bc5 44. h5 Rg8 45. Rf6 Rf8 46. Ra6 Rg8 47. Ra5 Kc6 48. Be3 Bxe3 49. Kxe3 Re8+ 50. Kf4 Re4+ 51. Kg5 Rg4+ 52. Kh6 f4 53. Ra4 Kd5 54. Kxh7 gxh5 55. Kh6 fxg3 1/2-1/2

[Event "Wch U12"]
[Site "Caldas Novas BRA"]
[Date "2011.11.22"]
[Round "5.1"]
[White "Preotu, Razvan"]
[Black "Nigmatov, Ortik"]
[Result "0-1"]
[WhiteElo "1979"]
[BlackElo "1871"]
[WhiteFideId "-1"]
[WhiteFideId "-1"]
[PlyCount "88"]
[GameId "2130307702651834"]
[EventDate "2011.11.18"]
[EventType "swiss"]
[EventRounds "9"]
[EventCountry "BRA"]

1. e4 c5 2. Nf3 e6 3. d4 cxd4 4. Nxd4 a6 5. Nc3 Qc7 6. Bd3 d6 7. f4 Nf6 8. Qf3 Nbd7 9. Bd2 b5 10. O-O Bb7 11. a3 Nb6 12. Nce2 Na4 13. b3 Nc5 14. Ng3 Rc8 15. Kh1 h5 16. h4 Be7 17. b4 Ncd7 18. Qe2 Ng4 19. Nf3 Nb6 20. Rae1 Nc4 21. Bc1 Bf6 22. f5 e5 23. Rd1 Qb6 24. Bxc4 Rxc4 25. Ng5 Ke7 26. Rd3 Qc7 27. Nxh5 Rxh5 28. Qxg4 Rh8 29. Rfd1 Bxe4 30. Nxe4 Rxh4+ 31. Qxh4 Bxh4 32. Nxd6 Rxc2 33. Be3 Bf2 34. f6+ gxf6 35. Nf5+ Ke8 36. Ng7+ Kf8 37. Bh6 Kg8 38. Nh5 Bh4 39. Rh3 Qc6 40. Rh2 Re2 41. Bg7 Re1+ 42. Rxe1 Bxe1 43. Rh3 Qc1 44. Kh2 Bf2 0-1

[Event "Wch U12"]
[Site "Caldas Novas BRA"]
[Date "2011.11.24"]
[Round "7.1"]
[White "Makhnyov, Denis"]
[Black "Preotu, Razvan"]
[Result "1/2-1/2"]
[WhiteElo "1725"]
[BlackElo "1979"]
[WhiteFideId "-1"]
[WhiteFideId "-1"]
[PlyCount "92"]
[GameId "2130307702655970"]
[EventDate "2011.11.18"]
[EventType "swiss"]
[EventRounds "9"]
[EventCountry "BRA"]

1. d4 Nf6 2. c4 g6 3. Nc3 Bg7 4. e4 d6 5. f3 O-O 6. Be3 Nc6 7. Nge2 a6 8. Qd2 Rb8 9. Rc1 e5 10. d5 Na5 11. Nd1 b6 12. g3 Nb7 13. Bg2 Ne8 14. b4 f5 15. Nf2 Nf6 16. h3 Bd7 17. O-O Nh5 18. Nd3 Nxg3 19. Nxg3 f4 20. Nxf4 exf4 21. Bxf4 Rxf4 22. Qxf4 Be5 23. Qe3 Bxg3 24. f4 Bh4 25. Rcd1 Qe7 26. e5 Bf5 27. e6 Rf8 28. Rd2 Bf6 29. Re2 Bg7 30. Kh1 Qf6 31. Be4 Qe7 32. Bxf5 Rxf5 33. a3 Kf8 34. Qb3 Bh6 35. Ref2 Qh4 36. Qe3 Ke7 37. Rf3 Kf8 38. Kg2 Qf6 39. Kh1 Bg7 40. Qb3 Qd8 41. Qa4 a5 42. Qc6 Qc8 43. Kg2 Ke7 44. Re1 Nd8 45. Qb5 Nb7 46. Qa6 Qb8 1/2-1/2

[Event "Guelph Fall ProAm"]
[Site "Guelph CAN"]
[Date "2011.11.05"]
[Round "1"]
[White "Preotu, Razvan"]
[Black "Noritsyn, Nikolay"]
[Result "0-1"]
[WhiteElo "2167"]
[BlackElo "2657"]
[WhiteFideId "-1"]
[WhiteFideId "-1"]
[PlyCount "72"]
[GameId "2160767909573678"]
[EventDate "2011.11.05"]
[EventType "swiss"]
[EventRounds "5"]
[EventCountry "CAN"]
[SourceTitle "EXT 2022"]
[Source "ChessBase"]
[SourceDate "2021.10.06"]
[SourceVersion "1"]
[SourceVersionDate "2021.10.06"]
[SourceQuality "1"]

1. e4 c5 2. Nf3 e6 3. d4 cxd4 4. Nxd4 a6 5. Nc3 b5 6. Be3 Bb7 7. f3 Nf6 8. Bd3 Qc7 9. a4 b4 10. Nce2 e5 11. Nb3 d5 12. exd5 Nxd5 13. Bf2 Nd7 14. O-O Bd6 15. Ng3 g6 16. Qd2 O-O 17. Rad1 Rfd8 18. Be4 N7f6 19. Qg5 Bf8 20. Rd2 h6 21. Qh4 Nxe4 22. Nxe4 g5 23. Qg3 Nf4 24. Nxg5 hxg5 25. Qxg5+ Bg7 26. Rfd1 f6 27. Qf5 Rxd2 28. Rxd2 Rd8 29. Be3 Rxd2 30. Nxd2 Nd5 31. Bf2 Bc8 32. Qe4 Be6 33. Nb3 f5 34. Qe2 Nf4 35. Qd2 Bf8 36. h3 Qg7 0-1

[Event "Guelph Fall ProAm"]
[Site "Guelph CAN"]
[Date "2011.11.05"]
[Round "2"]
[White "Peng, Jackie"]
[Black "Preotu, Razvan"]
[Result "1/2-1/2"]
[WhiteElo "2121"]
[BlackElo "2167"]
[WhiteFideId "-1"]
[WhiteFideId "-1"]
[PlyCount "100"]
[GameId "2160767909573682"]
[EventDate "2011.11.05"]
[EventType "swiss"]
[EventRounds "5"]
[EventCountry "CAN"]
[SourceTitle "EXT 2022"]
[Source "ChessBase"]
[SourceDate "2021.10.06"]
[SourceVersion "1"]
[SourceVersionDate "2021.10.06"]
[SourceQuality "1"]

1. e4 c5 2. Nf3 Nc6 3. d4 cxd4 4. Nxd4 Nf6 5. Nc3 e5 6. Ndb5 d6 7. Bg5 a6 8. Na3 b5 9. Nd5 Be7 10. Bxf6 Bxf6 11. c4 b4 12. Nc2 Rb8 13. g3 Bg5 14. Bg2 O-O 15. O-O Be6 16. b3 Qa5 17. a3 bxa3 18. Rxa3 Qc5 19. Nc7 Bc8 20. Nxa6 Bxa6 21. Rxa6 Rxb3 22. Rxc6 Qxc6 23. Nd4 exd4 24. Qxb3 Qc5 25. Rb1 h6 26. Bf1 Ra8 27. Qb7 Ra2 28. Rb5 Qa7 29. Qc8+ Kh7 30. Rb7 Qa5 31. e5 Rxf2 32. Kxf2 Qd2+ 33. Be2 Qe3+ 34. Kf1 Qe4 35. Rb3 Qh1+ 36. Kf2 Be3+ 37. Rxe3 Qxh2+ 38. Kf3 dxe3 39. Qf5+ Kg8 40. Bd3 g6 41. Qc8+ Kg7 42. exd6 Qf2+ 43. Ke4 e2 44. Bxe2 Qxe2+ 45. Kd5 Qd3+ 46. Kc5 Qa3+ 47. Kc6 Qa4+ 48. Kb7 Qb4+ 49. Kc7 Qxc4+ 50. Kd8 Qd4 1/2-1/2

[Event "Guelph Fall ProAm"]
[Site "Guelph CAN"]
[Date "2011.11.05"]
[Round "3"]
[White "Preotu, Razvan"]
[Black "Song, Michael"]
[Result "1/2-1/2"]
[WhiteElo "2167"]
[BlackElo "2090"]
[WhiteFideId "-1"]
[WhiteFideId "-1"]
[PlyCount "58"]
[GameId "2160767909573691"]
[EventDate "2011.11.05"]
[EventType "swiss"]
[EventRounds "5"]
[EventCountry "CAN"]
[SourceTitle "EXT 2022"]
[Source "ChessBase"]
[SourceDate "2021.10.06"]
[SourceVersion "1"]
[SourceVersionDate "2021.10.06"]
[SourceQuality "1"]

1. e4 c5 2. Nf3 Nc6 3. d4 cxd4 4. Nxd4 Nf6 5. Nc3 e5 6. Ndb5 d6 7. Bg5 a6 8. Na3 b5 9. Nd5 Be7 10. Bxf6 Bxf6 11. c4 b4 12. Nc2 Rb8 13. b3 Bg5 14. g3 O-O 15. Bg2 f5 16. exf5 Bxf5 17. Nde3 Bxe3 18. Nxe3 Nd4 19. Nxf5 Rxf5 20. O-O Qb6 21. Be4 Rf6 22. Qd3 g6 23. Rad1 Rbf8 24. Qe3 Kg7 25. Kg2 Qc5 26. Rd2 a5 27. h4 Ne6 28. Qd3 Qc8 29. Qe3 Qc5 1/2-1/2

[Event "Guelph Fall ProAm"]
[Site "Guelph CAN"]
[Date "2011.11.06"]
[Round "4"]
[White "Cormier, Adam"]
[Black "Preotu, Razvan"]
[Result "0-1"]
[WhiteElo "2076"]
[BlackElo "2167"]
[WhiteFideId "-1"]
[WhiteFideId "-1"]
[PlyCount "71"]
[GameId "2160767909573693"]
[EventDate "2011.11.05"]
[EventType "swiss"]
[EventRounds "5"]
[EventCountry "CAN"]
[SourceTitle "EXT 2022"]
[Source "ChessBase"]
[SourceDate "2021.10.06"]
[SourceVersion "1"]
[SourceVersionDate "2021.10.06"]
[SourceQuality "1"]

1. d4 Nf6 2. Nf3 g6 3. Nbd2 d5 4. e3 Bg7 5. b4 O-O 6. Be2 Nbd7 7. Bb2 c6 8. c4 dxc4 9. Nxc4 Nb6 10. Nce5 Nbd5 11. Qb3 a5 12. b5 a4 13. Qc4 Qa5+ 14. Kf1 Be6 15. Qd3 Nb4 16. Qd2 Ne4 17. Qe1 a3 18. Bc3 Nxc3 19. Qxc3 cxb5 20. Nd3 Nxa2 21. Qxa5 Rxa5 22. Nc5 Nc3 23. Nxb7 Ra7 24. Nc5 Bd5 25. Nd2 b4 26. f3 Rc8 27. Bc4 Bxc4+ 28. Nxc4 b3 29. Rxa3 Rxa3 30. Nxa3 Ra8 31. Nb1 Nxb1 32. Ke2 Nd2 33. Nxb3 Ra3 34. Rb1 e6 35. Rb2 Bf8 36. e4 0-1

[Event "Guelph Fall ProAm"]
[Site "Guelph CAN"]
[Date "2011.11.06"]
[Round "5"]
[White "Preotu, Razvan"]
[Black "Dougherty, Michael"]
[Result "1-0"]
[WhiteElo "2167"]
[BlackElo "2305"]
[WhiteFideId "-1"]
[WhiteFideId "-1"]
[PlyCount "67"]
[GameId "2160767909573705"]
[EventDate "2011.11.05"]
[EventType "swiss"]
[EventRounds "5"]
[EventCountry "CAN"]
[SourceTitle "EXT 2022"]
[Source "ChessBase"]
[SourceDate "2021.10.06"]
[SourceVersion "1"]
[SourceVersionDate "2021.10.06"]
[SourceQuality "1"]

1. e4 c5 2. Nf3 d6 3. d4 cxd4 4. Nxd4 Nf6 5. Nc3 Nc6 6. Bg5 Qb6 7. Nb3 e6 8. Qd2 a6 9. O-O-O Be7 10. f3 Na5 11. Nxa5 Qxa5 12. Kb1 b5 13. Be3 b4 14. Ne2 e5 15. g4 Be6 16. Nc1 Rb8 17. g5 Nd7 18. h4 O-O 19. h5 Nc5 20. g6 Rfc8 21. Bh3 Na4 22. Bxe6 Nc3+ 23. Ka1 fxe6 24. Rdg1 h6 25. Bxh6 Nxa2 26. Nxa2 Rxc2 27. Qxc2 b3 28. Qb1 gxh6 29. Rc1 d5 30. exd5 exd5 31. Rhd1 Bf6 32. Rc6 Bg7 33. Rdc1 Qd8 34. Qf5 1-0

[Event "Thanksgiving op"]
[Site "Toronto CAN"]
[Date "2011.10.08"]
[Round "1"]
[White "Preotu, Razvan"]
[Black "Cheng, Bindi"]
[Result "0-1"]
[WhiteElo "2071"]
[BlackElo "2533"]
[WhiteFideId "-1"]
[WhiteFideId "-1"]
[PlyCount "46"]
[GameId "2160767909647998"]
[EventDate "2011.10.08"]
[EventType "swiss"]
[EventRounds "6"]
[EventCountry "CAN"]
[SourceTitle "EXT 2022"]
[Source "ChessBase"]
[SourceDate "2021.10.06"]
[SourceVersion "1"]
[SourceVersionDate "2021.10.06"]
[SourceQuality "1"]

1. e4 c5 2. Nf3 d6 3. d4 cxd4 4. Nxd4 Nf6 5. Nc3 a6 6. Be3 e6 7. f3 b5 8. Qd2 Bb7 9. O-O-O Nbd7 10. g4 Nb6 11. g5 Nfd7 12. Qf2 Rc8 13. Nce2 d5 14. f4 Nc4 15. Ng3 Nc5 16. Kb1 Nxb2 17. Kxb2 Na4+ 18. Ka1 Nc3 19. Rd3 Qa5 20. Rxc3 Qxc3+ 21. Kb1 Ba3 22. Bc1 Bxc1 23. Kxc1 dxe4 0-1

[Event "CAN-op (Pinnacle 48th CAN Op Ch)"]
[Site "Toronto CAN"]
[Date "2011.07.09"]
[Round "1"]
[White "Thavandiran, Shiyam"]
[Black "Preotu, Razvan"]
[Result "1-0"]
[WhiteElo "2320"]
[BlackElo "1974"]
[WhiteFideId "-1"]
[WhiteFideId "-1"]
[PlyCount "47"]
[GameId "2160767909706995"]
[EventDate "2011.07.09"]
[EventType "swiss"]
[EventRounds "9"]
[EventCountry "CAN"]
[SourceTitle "CBM 143 Extra"]
[Source "ChessBase"]
[SourceDate "2011.08.29"]
[SourceVersion "1"]
[SourceVersionDate "2011.08.29"]
[SourceQuality "1"]

1. e4 c5 2. Nc3 Nc6 3. Bb5 Nd4 4. Bc4 d6 5. Nge2 Nf6 6. d3 Nxe2 7. Qxe2 e6 8. Be3 Be7 9. d4 a6 10. dxc5 dxc5 11. a4 b6 12. Bf4 Bb7 13. Rd1 Qc8 14. Bd6 Bxd6 15. Rxd6 Qc7 16. e5 Nd7 17. O-O O-O 18. Rfd1 Bc6 19. f4 Qb7 20. f5 exf5 21. e6 Nf6 22. exf7+ Kh8 23. Rxf6 gxf6 24. Qe6 1-0

[Event "CAN-op (Pinnacle 48th CAN Op Ch)"]
[Site "Toronto CAN"]
[Date "2011.07.10"]
[Round "2"]
[White "Preotu, Razvan"]
[Black "Pieri, Enzo"]
[Result "1-0"]
[WhiteElo "1974"]
[BlackElo "1734"]
[WhiteFideId "-1"]
[WhiteFideId "-1"]
[PlyCount "63"]
[GameId "2160767909707050"]
[EventDate "2011.07.09"]
[EventType "swiss"]
[EventRounds "9"]
[EventCountry "CAN"]
[SourceTitle "CBM 143 Extra"]
[Source "ChessBase"]
[SourceDate "2011.08.29"]
[SourceVersion "1"]
[SourceVersionDate "2011.08.29"]
[SourceQuality "1"]

1. e4 c6 2. d4 d5 3. Nc3 dxe4 4. Nxe4 Nf6 5. Nxf6+ exf6 6. Nf3 Bd6 7. Bd3 O-O 8. O-O Bg4 9. h3 Bh5 10. c4 Bc7 11. Be2 Re8 12. Be3 Nd7 13. Qb3 b6 14. Rad1 Qe7 15. Rfe1 Rad8 16. Qa4 Nb8 17. Rd2 f5 18. Ne5 Bxe2 19. Rdxe2 f6 20. Nf3 Qd7 21. Qc2 g5 22. d5 cxd5 23. cxd5 g4 24. hxg4 fxg4 25. Nd4 g3 26. Ne6 Rc8 27. Qf5 Be5 28. Bh6 gxf2+ 29. Rxf2 Rxe6 30. dxe6 Qe7 31. Rxe5 Nc6 32. Re4 1-0

[Event "CAN-op (Pinnacle 48th CAN Op Ch)"]
[Site "Toronto CAN"]
[Date "2011.07.11"]
[Round "3"]
[White "Preotu, Razvan"]
[Black "Dougherty, Michael"]
[Result "0-1"]
[WhiteElo "1974"]
[BlackElo "2217"]
[WhiteFideId "-1"]
[WhiteFideId "-1"]
[PlyCount "48"]
[GameId "2160767909707121"]
[EventDate "2011.07.09"]
[EventType "swiss"]
[EventRounds "9"]
[EventCountry "CAN"]
[SourceTitle "CBM 143 Extra"]
[Source "ChessBase"]
[SourceDate "2011.08.29"]
[SourceVersion "1"]
[SourceVersionDate "2011.08.29"]
[SourceQuality "1"]

1. e4 c6 2. d4 d5 3. Nc3 dxe4 4. Nxe4 Bf5 5. Ng3 Bg6 6. Nf3 Nd7 7. h4 h6 8. h5 Bh7 9. Bd3 Bxd3 10. Qxd3 e6 11. Bd2 Ngf6 12. O-O-O Be7 13. Ne4 O-O 14. Rhg1 Nxe4 15. Qxe4 Nf6 16. Qe2 Qd5 17. c4 Qe4 18. Qxe4 Nxe4 19. Be3 f5 20. Ne5 f4 21. Bd2 Rf5 22. Rde1 Nxd2 23. c5 Rd8 24. Ng6 Bxc5 0-1

[Event "CAN-op (Pinnacle 48th CAN Op Ch)"]
[Site "Toronto CAN"]
[Date "2011.07.12"]
[Round "4"]
[White "Manalo, Pepin"]
[Black "Preotu, Razvan"]
[Result "0-1"]
[WhiteElo "1769"]
[BlackElo "2030"]
[WhiteFideId "-1"]
[WhiteFideId "-1"]
[PlyCount "74"]
[GameId "2160767909707175"]
[EventDate "2011.07.09"]
[EventType "swiss"]
[EventRounds "9"]
[EventCountry "CAN"]

1. e4 c5 2. Nf3 Nc6 3. c4 e5 4. g3 g6 5. Bg2 Bg7 6. Nc3 Nge7 7. O-O O-O 8. d3 f5 9. exf5 Nxf5 10. Ng5 Nce7 11. h4 d6 12. h5 h6 13. Nge4 g5 14. Rb1 Nc6 15. a3 Nfd4 16. b4 cxb4 17. axb4 g4 18. b5 Ne7 19. Ba3 Nf3+ 20. Bxf3 gxf3 21. Re1 Qd7 22. Re3 Qh3 23. Rxf3 Bg4 24. Rxf8+ Rxf8 25. Qf1 Qxh5 26. Qg2 Bf3 27. Qh2 Rf5 28. g4 Qxg4+ 29. Ng3 Rg5 30. Bc1 Rg6 31. Kf1 Qd4 32. Nce2 Qxd3 33. Ke1 Qxb1 34. Qh4 Nf5 35. Nxf5 Qxf5 36. Qd8+ Kh7 37. Qc7 Qd3 0-1

[Event "CAN-op (Pinnacle 48th CAN Op Ch)"]
[Site "Toronto CAN"]
[Date "2011.07.14"]
[Round "6"]
[White "Abrahams, Daniel"]
[Black "Preotu, Razvan"]
[Result "1/2-1/2"]
[WhiteElo "2002"]
[BlackElo "1974"]
[WhiteFideId "-1"]
[WhiteFideId "-1"]
[PlyCount "71"]
[GameId "2160767909707288"]
[EventDate "2011.07.09"]
[EventType "swiss"]
[EventRounds "9"]
[EventCountry "CAN"]
[SourceTitle "CBM 143 Extra"]
[Source "ChessBase"]
[SourceDate "2011.08.29"]
[SourceVersion "1"]
[SourceVersionDate "2011.08.29"]
[SourceQuality "1"]

1. e4 c5 2. Nf3 Nc6 3. d4 cxd4 4. Nxd4 g6 5. c4 Bg7 6. Be3 d6 7. Nc3 Nf6 8. Be2 O-O 9. O-O Bd7 10. Rc1 Nxd4 11. Bxd4 Bc6 12. Qd3 Nd7 13. Bxg7 Kxg7 14. Rfd1 Qb6 15. Qb1 f5 16. Nd5 Bxd5 17. exd5 a5 18. b3 Nc5 19. Bf3 Qb4 20. Qb2+ Kf7 21. Qd4 Nd7 22. Qe3 Ne5 23. c5 Rac8 24. c6 Rc7 25. cxb7 Qxb7 26. Be2 Rfc8 27. Rxc7 Qxc7 28. f4 Nd7 29. Qe6+ Kf8 30. h4 Nc5 31. Qe3 Ne4 32. Bf3 Nf6 33. Kh2 Qc3 34. Qxc3 Rxc3 35. Rd4 Rc5 36. a3 1/2-1/2